000 00584nam a22002177a 4500
003 UA-OsUOA
001 40078
007 ta
008 20060711b un ||||| |||| 00| 0 ukr d
100 _aГуменюк В.
090 _a82
_bГ94
942 _cSA
040 _aUA-OsUOA
_bukr
_cUA-OsUOA
_dUA-OsUOA
245 _aІдеал ліричного героя в поезії Володимира Сосюри
300 _aС.46-49
955 _a0
041 _aukr
080 _a82
773 0 _w40077
650 7 _a82 Література. Літературознавство
_2UDC
999 _c326219
_d326219